000
00280nam a2200109Ia 4500
008
190216s9999||||xx |||||||||||||| ||und||
100
_a
Sasidharan Sn & Aiyyappan Pillai
245
0
_a
Introduction To Capital Market
260
_b
Kitab Mahal
_c
1998
300
_a
278p
942
_c
BK
999
_c
6213
_d
6213